[Event "Sri Lanka Women's National B Chess Championship 20"]
[Site "SLIIT, Malabe"]
[Date "2015.06.27"]
[Round "7"]
[Board "9"]
[White "Wijesuriya, G P Y"]
[Black "Sarathchandra, Thihansa Dewwan"]
[Result "0-1"]
[WhiteElo "1408"]
[BlackElo "1338"]
[PlyCount "146"]
[EventDate "2015.05.19"]
[EventRounds "10"]
[EventCountry "SRI"]

1. e4 c5 2. Nc3 d6 3. f4 g6 4. Nf3 Nc6 5. Bb5 Bd7 6. Bxc6 Bxc6 7. O-O Bg7 8. d3
Nf6 9. h3 O-O 10. Be3 Qb6 11. Rb1 a5 12. Qe1 a4 13. b4 axb3 14. axb3 Qa5 15.
Bd2 b5 16. Qh4 b4 17. Ne2 Qc7 18. f5 Ra2 19. fxg6 hxg6 20. Rbc1 Rfa8 21. Bh6
Bxh6 22. Qxh6 Qd8 23. Nf4 Qf8 24. Qh4 Rb2 25. e5 dxe5 26. Nxe5 Bb7 27. Nc4 Rba2
28. Qg3 Qh6 29. Ne2 Bd5 30. Nb6 R8a6 31. Nxd5 Nxd5 32. Nf4 Nxf4 33. Rxf4 Rf6
34. Rff1 Rxf1+ 35. Rxf1 Rxc2 36. Qf3 Qg7 37. Kh1 Rc3 38. Qd5 e6 39. Qg5 Qd4 40.
Qg3 Rxd3 41. Qf4 Qd7 42. Qb8+ Qd8 43. Qf4 Qe7 44. Qb8+ Qd8 45. Qf4 Qe7 46. Qb8+
Kg7 47. Qe5+ f6 48. Qb2 Rc3 49. Qa2 Qd7 50. Qf2 Qd4 51. Qe2 Qe3 52. Qb5 Rc1 53.
Qd7+ Kh6 54. Rxc1 Qxc1+ 55. Kh2 Qe3 56. Qe7 Qe5+ 57. Kh1 Kg5 58. Qd7 Qd5 59.
Qc7 e5 60. Qa5 e4 61. Qa2 e3 62. Qc2 f5 63. Kg1 Qd2 64. Qxc5 e2 65. Qe7+ Kf4
66. Qc7+ Ke4 67. Qe7+ Kd3 68. Qd6+ Kc2 69. Qc6+ Qc3 70. Qxc3+ bxc3 71. Kf2 Kd2
72. b4 e1=Q+ 73. Kf3 Qe3# 0-1

[Event "Sri Lanka Women's National B Chess Championship 20"]
[Site "SLIIT, Malabe"]
[Date "2015.06.27"]
[Round "7"]
[Board "10"]
[White "Tennakoonwela, Pamudie Sasankh"]
[Black "Sarathchandra, Gihansa M"]
[Result "1-0"]
[WhiteElo "1377"]
[BlackElo "1297"]
[PlyCount "85"]
[EventDate "2015.05.19"]
[EventRounds "10"]
[EventCountry "SRI"]

1. e4 d5 2. exd5 Qxd5 3. Nc3 Qa5 4. d4 c6 5. Bd2 Bf5 6. Bc4 e6 7. Nf3 Nf6 8.
Nd5 Qd8 9. Nxf6+ Qxf6 10. c3 Nd7 11. Qb3 Nb6 12. Be2 Bd6 13. c4 c5 14. dxc5
Bxc5 15. Qb5+ Nd7 16. Bg5 a6 17. Qxb7 Rb8 18. Qxb8+ Nxb8 19. Bxf6 gxf6 20. O-O
O-O 21. Rfd1 Nc6 22. a3 Bg4 23. b4 Ba7 24. h3 Bh5 25. Rd6 Rc8 26. Rad1 Kg7 27.
Kf1 Bb8 28. Rd7 Bf4 29. Nd4 Bxe2+ 30. Kxe2 Nxd4+ 31. R7xd4 Be5 32. Rg4+ Kf8 33.
c5 a5 34. Rc4 axb4 35. axb4 Ke7 36. b5 Bc7 37. c6 Ke8 38. Rb1 f5 39. Ra4 Bb6
40. Ra6 Bc7 41. b6 Bb8 42. b7 Rd8 43. Ra8 {Unclear Recording. White checkmated
on Move 59.} 1-0

[Event "Sri Lanka Women's National B Chess Championship 20"]
[Site "SLIIT, Malabe"]
[Date "2015.06.27"]
[Round "7"]
[Board "11"]
[White "Hewawasam, Nevanjee Dimanya"]
[Black "Gunawardana, I M T M"]
[Result "0-1"]
[WhiteElo "1277"]
[BlackElo "1466"]
[PlyCount "122"]
[EventDate "2015.05.19"]
[EventRounds "10"]
[EventCountry "SRI"]

1. e4 e5 2. Nf3 Nc6 3. Bb5 a6 4. Ba4 Nf6 5. O-O Nxe4 6. d4 b5 7. Bb3 d5 8. dxe5
Be6 9. Qe2 Be7 10. Rd1 Na5 11. Be3 Nxb3 12. axb3 O-O 13. c4 c6 14. Nbd2 Qc8 15.
Rac1 Nxd2 16. Nxd2 dxc4 17. bxc4 Rd8 18. b3 Bb4 19. Bg5 Bxd2 20. Rxd2 Rxd2 21.
Qxd2 bxc4 22. bxc4 h6 23. Be7 Qb7 24. Bd6 a5 25. Qc2 a4 26. Rb1 Qa6 27. Ra1
Qxc4 28. Qxc4 Bxc4 29. f4 Bb3 30. Kf2 Rc8 31. Rc1 Ra8 32. Ra1 Ra5 33. Ke3 Rd5
34. Rc1 Ra5 35. Ra1 c5 36. Kd3 c4+ 37. Kd4 Kh7 38. f5 Kg8 39. g4 Ra8 40. h3 Ra6
41. Bc5 Rc6 42. Rc1 Kh7 43. h4 g6 44. f6 g5 45. hxg5 hxg5 46. Rh1+ Kg8 47. Rh5
c3 48. Rxg5+ Kh7 49. Rh5+ Kg6 50. Rh1 c2 51. Rc1 Rc8 52. Ba3 Rc4+ 53. Kd5 Rxg4+
54. Kd6 Rd4+ 55. Ke7 Re4 56. Rg1+ Kf5 57. Rf1+ Kxe5 58. Bb2+ Kd5+ 59. Kxf7 Kd6+
60. Kg7 Rg4+ 61. Kf8 Rg8# 0-1

[Event "Sri Lanka Women's National B Chess Championship 20"]
[Site "SLIIT, Malabe"]
[Date "2015.06.27"]
[Round "7"]
[Board "12"]
[White "Rodrigo, T M Janudi"]
[Black "Udagedara, Sandali Kanishka"]
[Result "0-1"]
[WhiteElo "1421"]
[BlackElo "1492"]
[PlyCount "60"]
[EventDate "2015.05.19"]
[EventRounds "10"]
[EventCountry "SRI"]

1. d4 d5 2. Bf4 Nf6 3. Nf3 e6 4. e3 c5 5. c3 Be7 6. Bd3 Nc6 7. Nbd2 O-O 8. Ne5
Bd6 9. Qf3 Qc7 10. Ng4 Nxg4 11. Bxd6 Qxd6 12. Qxg4 e5 13. Qg3 Qe7 14. dxe5 Nxe5
15. Bc2 d4 16. cxd4 cxd4 17. exd4 Nf3+ 18. Kd1 Nxd4 19. Be4 Re8 20. Qd3 f5 21.
Bd5+ Ne6 22. Qxf5 Kh8 23. Qc2 Nd4 24. Qd3 Bf5 25. Qf1 Bc2+ 26. Kc1 Rac8 27. Bc4
b5 28. f3 bxc4 29. Nxc4 Rxc4 30. Qxc4 Qe3# 0-1

[Event "Sri Lanka Women's National B Chess Championship 20"]
[Site "SLIIT, Malabe"]
[Date "2015.06.27"]
[Round "7"]
[Board "13"]
[White "Yapa Bandara, Chamodya"]
[Black "Dissanayake, R K Janani"]
[Result "1/2-1/2"]
[WhiteElo "1460"]
[BlackElo "1224"]
[PlyCount "146"]
[EventDate "2015.05.19"]
[EventRounds "10"]
[EventCountry "SRI"]

1. e4 e5 2. Nf3 Nc6 3. d4 exd4 4. Bc4 Nf6 5. O-O Nxe4 6. Re1 d5 7. Bxd5 Qxd5 8.
Nc3 Qh5 9. Nxe4 Be6 10. Bg5 h6 11. Bh4 Qd5 12. Bf6 Rg8 13. Nxd4 Nxd4 14. Qxd4
Qxd4 15. Bxd4 O-O-O 16. c3 Be7 17. a4 Bd5 18. a5 a6 19. Rab1 Bd6 20. b4 Bc4 21.
Nd2 Bb5 22. Be3 Bd3 23. Rbc1 Rge8 24. Nf3 Be4 25. Nd4 Bd3 26. Red1 Bc4 27. Nf5
Be5 28. Bd4 Be2 29. Re1 Bf4 30. Ne3 Bg5 31. Bxg7 Rg8 32. Bd4 Bf3 33. g3 h5 34.
h4 Rg6 35. Kh2 Bh6 36. Ra1 Re8 37. Nf5 Rge6 38. Rxe6 Rxe6 39. Nxh6 Rxh6 40. Re1
Re6 41. Rxe6 fxe6 42. Kg1 Kd7 43. Kf1 Kd6 44. Ke1 e5 45. Be3 Kd5 46. Kd2 Kc4
47. Bg5 b6 48. axb6 cxb6 49. Bd8 b5 50. Bf6 Kd5 51. Ke3 Bg4 52. f3 Bf5 53. Bg7
Be6 54. Kd3 Bf5+ 55. Ke3 Be6 56. Kf2 Bf5 57. g4 hxg4 58. fxg4 Bxg4 59. Kg3 Bh5
60. Kf2 Ke4 61. Ke1 Bg4 62. Kd2 Bh5 63. Kc2 Bg4 64. Kb3 Bd1+ 65. Kb2 Bh5 66.
Kc2 Bg4 67. Kd2 Bh5 68. Ke1 Kf4 69. Kd2 Ke4 70. Bh6 Bg4 71. Bg7 Bh5 72. c4 bxc4
73. Kc3 Bf7 1/2-1/2

[Event "Sri Lanka Women's National B Chess Championship 20"]
[Site "SLIIT, Malabe"]
[Date "2015.06.27"]
[Round "7"]
[Board "14"]
[White "Weerasinghe, Asani Sankalpana"]
[Black "Tharushi, T H D Niklesha"]
[Result "0-1"]
[WhiteElo "1177"]
[BlackElo "1508"]
[PlyCount "108"]
[EventDate "2015.05.19"]
[EventRounds "10"]
[EventCountry "SRI"]

1. e4 c5 2. Nf3 Nc6 3. d4 cxd4 4. Nxd4 g6 5. Nc3 Bg7 6. Be3 Nf6 7. Nb3 O-O 8.
Be2 d6 9. O-O Be6 10. Nd4 Nxd4 11. Bxd4 Rc8 12. Bf3 Rc4 13. b3 Rxd4 14. Qxd4
Nd5 15. Qxa7 Nxc3 16. Qxb7 Bc8 17. Qb4 Ba6 18. Rfe1 Nb5 19. a4 Nd4 20. Rac1
Nxf3+ 21. gxf3 e6 22. f4 Bh6 23. e5 Qh4 24. Re4 d5 25. Rd4 Qg4+ 26. Kh1 Be2 27.
Rd3 Bf3+ 28. Rxf3 Qxf3+ 29. Kg1 Bxf4 30. Ra1 Bxe5 31. Ra2 Rb8 32. Qc5 Qf4 33.
a5 Bd4 34. Qxd4 Qxd4 35. a6 Qd1+ 36. Kg2 Qg4+ 37. Kf1 Qf3 38. a7 Ra8 39. b4 Qc3
40. Ra4 Qxc2 41. Ra1 Qc4+ 42. Kg2 Qxb4 43. h4 Qxh4 44. f4 Qg4+ 45. Kh1 Qf3+ 46.
Kh2 Rxa7 47. Rxa7 Qf2+ 48. Kh3 Qxa7 49. f5 Qe3+ 50. Kg2 d4 51. f6 d3 52. Kh2 d2
53. Kg2 d1=R 54. Kh2 Rd2+ 0-1

[Event "Sri Lanka Women's National B Chess Championship 20"]
[Site "SLIIT, Malabe"]
[Date "2015.06.27"]
[Round "7"]
[Board "16"]
[White "Herath, Sanduni"]
[Black "Subasinghe, S M T D"]
[Result "1-0"]
[WhiteElo "1225"]
[BlackElo "1044"]
[PlyCount "141"]
[EventDate "2015.05.19"]
[EventRounds "10"]
[EventCountry "SRI"]

1. d4 d5 2. c4 c6 3. Qc2 Nf6 4. Nf3 a6 5. e3 g6 6. Bd3 dxc4 7. Bxc4 b5 8. Bd3
Bg7 9. O-O O-O 10. Nbd2 Bb7 11. Nb3 Nbd7 12. Bd2 Rc8 13. Nc5 Qc7 14. Rac1 Rfe8
15. Nxb7 Qxb7 16. b4 e5 17. dxe5 Nxe5 18. Nxe5 Rxe5 19. Bc3 Re6 20. a3 c5 21.
Bxf6 Bxf6 22. bxc5 Qc7 23. Qb3 Rc6 24. Be4 Rxc5 25. Rxc5 Qxc5 26. Bb7 Qc3 27.
Qxc3 Rxc3 28. Bxa6 Rb3 29. h3 Be7 30. Ra1 Bxa3 31. Bxb5 Bb2 32. Ra8+ Kg7 33.
Be2 Be5 34. Rd8 Rb2 35. Bf3 h6 36. Rd5 Bf6 37. Rd1 Rc2 38. Kf1 Bh4 39. Be2 Rc6
40. Ke1 Rf6 41. g3 Bg5 42. h4 Bxe3 43. fxe3 Re6 44. Kf2 h5 45. Rd7 Rf6+ 46. Kg2
Re6 47. Bc4 Rf6 48. Re7 Kg8 49. e4 Kg7 50. e5 Rf5 51. Bd3 Rxe5 52. Rxe5 f6 53.
Rb5 Kh7 54. Rxh5+ Kg7 55. Ra5 Kh6 56. g4 Kg7 57. h5 gxh5 58. gxh5 Kf7 59. h6
Kg8 60. h7+ Kh8 61. Ra8+ Kg7 62. h8=Q+ Kf7 63. Ra7+ Ke6 64. Qe8+ Kd5 65. Qd7+
Ke5 66. Ra5+ Kf4 67. Qf5+ Ke3 68. Qe4+ Kd2 69. Ra3 Kd1 70. Qe2+ Kc1 71. Qc2#
 1-0

[Event "Sri Lanka Women's National B Chess Championship 20"]
[Site "SLIIT, Malabe"]
[Date "2015.06.27"]
[Round "7"]
[Board "17"]
[White "Waduge, T S H A"]
[Black "Tharuki, A V G Irushi"]
[Result "1/2-1/2"]
[WhiteElo "1208"]
[BlackElo "1192"]
[PlyCount "118"]
[EventDate "2015.05.19"]
[EventRounds "10"]
[EventCountry "SRI"]

1. d4 d5 2. c4 e6 3. Nc3 c5 4. cxd5 cxd4 5. Qxd4 Nc6 6. Qd1 Nb4 7. Nf3 Nxd5 8.
Nxd5 exd5 9. Bf4 Nf6 10. a3 Be7 11. e3 O-O 12. Be2 Bf5 13. O-O Re8 14. Rc1 h6
15. Nd4 Bd7 16. Bb5 Rc8 17. h3 Bc5 18. Bxd7 Qxd7 19. Qd2 Ne4 20. Qd3 a6 21.
Rfd1 Be7 22. Nb3 Nf6 23. Qd2 Red8 24. Rxc8 Rxc8 25. Rc1 Kf8 26. Be5 Rxc1+ 27.
Qxc1 Bd8 28. Qc5+ Kg8 29. Nd4 Ne4 30. Qc2 f6 31. Bf4 Kf7 32. Kf1 Ba5 33. b4 Bd8
34. Ne2 Qf5 35. Nd4 Qd7 36. f3 Nd6 37. Qc5 Nc4 38. b5 Bb6 39. Qb4 axb5 40. Nxb5
Bxe3 41. Bxe3 Nxe3+ 42. Kg1 Nf5 43. Nd4 Nxd4 44. Qxd4 Qc6 45. Qb4 b6 46. a4 Ke8
47. a5 bxa5 48. Qxa5 d4 49. Qd2 Qc3 50. Qe2+ Kf7 51. Kf2 d3 52. Qd1 Qd4+ 53.
Kf1 Kg6 54. Qd2 Kh5 55. g3 Qd5 56. Kf2 Qd4+ 57. Kg2 Qc4 58. Kf2 Qd4+ 59. Kg2
Qc4 1/2-1/2

[Event "Sri Lanka Women's National B Chess Championship 20"]
[Site "SLIIT, Malabe"]
[Date "2015.06.27"]
[Round "7"]
[Board "18"]
[White "Mayuraji, L M Dinya"]
[Black "Athukorala, Shavindi Uddeepana"]
[Result "1-0"]
[WhiteElo "1137"]
[BlackElo "1331"]
[PlyCount "83"]
[EventDate "2015.05.19"]
[EventRounds "10"]
[EventCountry "SRI"]

1. e4 c5 2. Nf3 Nc6 3. d4 cxd4 4. Nxd4 a6 5. Nc3 e6 6. Be2 Qc7 7. Be3 Nf6 8.
Qd2 Bb4 9. Bf3 Be7 10. a3 h6 11. h3 b5 12. Be2 b4 13. axb4 Bxb4 14. Qd3 Ne5 15.
Qd1 Nxe4 16. Bd2 Nxc3 17. bxc3 Bxc3 18. Bxc3 Qxc3+ 19. Kf1 Bb7 20. Rb1 Qc7 21.
Qd2 Nc6 22. Bf3 Nxd4 23. Rxb7 Qc4+ 24. Kg1 Nxf3+ 25. gxf3 Qc6 26. Rb3 Rc8 27.
Kg2 Qc5 28. Qd3 Qg5+ 29. Kh2 Qf4+ 30. Kg2 Qg5+ 31. Kh2 O-O 32. Rg1 Qe5+ 33. Kh1
Rc7 34. Rb4 Qf5 35. Rbg4 g6 36. Qe3 Kh7 37. Rh4 h5 38. Rg5 Qxc2 39. Qe5 f6 40.
Rgxh5+ gxh5 41. Qxh5+ Kg8 42. Rg4+ 1-0

[Event "Sri Lanka Women's National B Chess Championship 20"]
[Site "SLIIT, Malabe"]
[Date "2015.06.27"]
[Round "8"]
[Board "1"]
[White "Gamage, Nethmi Nirasha"]
[Black "Premanath, Dinushki"]
[Result "1/2-1/2"]
[WhiteElo "1514"]
[BlackElo "1854"]
[PlyCount "21"]
[EventDate "2015.05.19"]
[EventRounds "10"]
[EventCountry "SRI"]

1. d4 Nf6 2. c4 e6 3. g3 c5 4. d5 exd5 5. cxd5 d6 6. Nc3 g6 7. Nf3 Bg7 8. Bg2
O-O 9. O-O Re8 10. h3 Na6 11. Re1 1/2-1/2

[Event "Sri Lanka Women's National B Chess Championship 20"]
[Site "SLIIT, Malabe"]
[Date "2015.06.27"]
[Round "8"]
[Board "2"]
[White "Peiris, H Pevinya"]
[Black "Wickramasinghe, Dilhara Ishini"]
[Result "1/2-1/2"]
[WhiteElo "1563"]
[BlackElo "1698"]
[PlyCount "45"]
[EventDate "2015.05.19"]
[EventRounds "10"]
[EventCountry "SRI"]

1. e4 c5 2. Nf3 d6 3. Bb5+ Bd7 4. Bxd7+ Qxd7 5. O-O Nc6 6. c3 Nf6 7. Re1 e6 8.
d4 cxd4 9. cxd4 d5 10. e5 Ne4 11. Ng5 Nxd4 12. Nxe4 dxe4 13. Rxe4 Rd8 14. Nc3
Nc6 15. Bg5 Qxd1+ 16. Rxd1 Rxd1+ 17. Nxd1 h6 18. Bf4 Be7 19. Nc3 O-O 20. Kf1
Rd8 21. a3 Rd7 22. Be3 Kf8 23. f4 1/2-1/2

[Event "Sri Lanka Women's National B Chess Championship 20"]
[Site "SLIIT, Malabe"]
[Date "2015.06.27"]
[Round "8"]
[Board "3"]
[White "Saumy, Zainab"]
[Black "De Silva, Chamindra"]
[Result "1/2-1/2"]
[WhiteElo "1510"]
[BlackElo "1509"]
[PlyCount "28"]
[EventDate "2015.05.19"]
[EventRounds "10"]
[EventCountry "SRI"]

1. e4 c5 2. Nf3 d6 3. d4 cxd4 4. Nxd4 Nf6 5. Nc3 a6 6. Bc4 e6 7. Bb3 Be7 8. g4
Nc6 9. g5 Nxd4 10. Qxd4 Nh5 11. Rg1 Bd7 12. Be3 b5 13. f4 Rg8 14. O-O-O g6
 1/2-1/2

[Event "Sri Lanka Women's National B Chess Championship 20"]
[Site "SLIIT, Malabe"]
[Date "2015.06.27"]
[Round "8"]
[Board "4"]
[White "Kodikara, K K M Sachintha"]
[Black "Askey, Roshell Nathasha"]
[Result "1/2-1/2"]
[WhiteElo "1474"]
[BlackElo "1637"]
[PlyCount "25"]
[EventDate "2015.05.19"]
[EventRounds "10"]
[EventCountry "SRI"]

1. Nf3 Nf6 2. g3 b6 3. Bg2 Bb7 4. d3 e6 5. Nbd2 Be7 6. e4 d6 7. O-O O-O 8. Re1
Nbd7 9. b3 e5 10. Bb2 Nc5 11. d4 exd4 12. Nxd4 Qd7 13. Nf5 1/2-1/2

[Event "Sri Lanka Women's National B Chess Championship 20"]
[Site "SLIIT, Malabe"]
[Date "2015.06.27"]
[Round "8"]
[Board "5"]
[White "Rajapaksa, Miyuni Kavinya"]
[Black "Udupitiya, U G S S S"]
[Result "1/2-1/2"]
[WhiteElo "1583"]
[BlackElo "1701"]
[PlyCount "53"]
[EventDate "2015.05.19"]
[EventRounds "10"]
[EventCountry "SRI"]

1. e4 c5 2. Nf3 d6 3. d4 cxd4 4. Nxd4 Nf6 5. Nc3 a6 6. Be3 e5 7. Nf3 Be7 8. Bc4
Qc7 9. Bb3 b5 10. h3 O-O 11. O-O Nbd7 12. Re1 Nb6 13. Bg5 h6 14. Bxf6 Bxf6 15.
Nd5 Nxd5 16. Bxd5 Rb8 17. Nh2 Be6 18. c3 Qc5 19. Ng4 Bh4 20. Ne3 Bg5 21. Bb3 a5
22. Nf5 Rfd8 23. h4 Bf6 24. Qg4 Kh8 25. Bxe6 fxe6 26. Ng3 Rf8 27. Nh5 1/2-1/2

[Event "Sri Lanka Women's National B Chess Championship 20"]
[Site "SLIIT, Malabe"]
[Date "2015.06.27"]
[Round "8"]
[Board "6"]
[White "Nonis, P A R R"]
[Black "Pasqual, Anuki"]
[Result "1-0"]
[WhiteElo "1488"]
[BlackElo "1423"]
[PlyCount "89"]
[EventDate "2015.05.19"]
[EventRounds "10"]
[EventCountry "SRI"]

1. e4 e5 2. Nf3 Nc6 3. d4 exd4 4. Nxd4 Nf6 5. Nc3 Bb4 6. Nxc6 bxc6 7. Bd3 O-O
8. O-O Re8 9. Bg5 a6 10. Qf3 d5 11. exd5 Bxc3 12. bxc3 Qxd5 13. Qg3 Qe5 14.
Qxe5 Rxe5 15. Bxf6 gxf6 16. Rfe1 Bb7 17. Rab1 Bc8 18. f4 Rxe1+ 19. Rxe1 Be6 20.
f5 Bxa2 21. Ra1 Bd5 22. c4 a5 23. cxd5 cxd5 24. Bb5 d4 25. Ra4 c5 26. Rc4 Rc8
27. Kf2 Kf8 28. Ke2 Ke7 29. c3 dxc3 30. Rxc3 Kd6 31. Rd3+ Ke5 32. Rd7 Rb8 33.
Bd3 Rb2+ 34. Ke3 Rb3 35. Kd2 Rb2+ 36. Bc2 c4 37. Rxf7 h5 38. Kc3 Ra2 39. Re7+
Kd5 40. Be4+ Kc5 41. Rc7+ Kb5 42. Rxc4 Ra3+ 43. Kd4 Ra4 44. Bc6+ Kb6 45. Bxa4
 1-0

[Event "Sri Lanka Women's National B Chess Championship 20"]
[Site "SLIIT, Malabe"]
[Date "2015.06.27"]
[Round "8"]
[Board "7"]
[White "Abeysinghe, H M H Janandani"]
[Black "Tennakoonwela, Pamudie Sasankh"]
[Result "1-0"]
[WhiteElo "1444"]
[BlackElo "1377"]
[PlyCount "153"]
[EventDate "2015.05.19"]
[EventRounds "10"]
[EventCountry "SRI"]

1. e4 c5 2. Nf3 d6 3. d4 cxd4 4. Nxd4 Nf6 5. Nc3 a6 6. Be3 Ng4 7. Bc1 Nc6 8. h3
Nf6 9. Be3 g6 10. Bc4 Bg7 11. Qd2 Qc7 12. Bb3 b5 13. f3 Bb7 14. O-O-O Rc8 15.
Nde2 Na5 16. g4 Nxb3+ 17. axb3 Qa5 18. Kb1 Qc7 19. Rc1 Bc6 20. Bh6 O-O 21. h4
e6 22. h5 Ne8 23. Bxg7 Kxg7 24. hxg6 fxg6 25. Nd4 Qe7 26. Qh6+ Kg8 27. Nxe6 Rf7
28. Nf4 Rg7 29. Nfd5 Bxd5 30. Nxd5 Qf7 31. Qf4 Qe6 32. Qd2 Nf6 33. Nxf6+ Qxf6
34. Qd5+ Kh8 35. Rhf1 Rgc7 36. c3 Qf8 37. Rcd1 Rd8 38. Qd4+ Qg7 39. Qb6 Qf7 40.
Rxd6 Rdc8 41. Qd4+ Kg8 42. Rd8+ Rxd8 43. Qxd8+ Kg7 44. Qd4+ Kg8 45. Qd5 Rd7 46.
Qxf7+ Kxf7 47. Kc2 Ke6 48. c4 b4 49. Rd1 Rf7 50. Rd3 h5 51. gxh5 gxh5 52. Rd2
h4 53. Rh2 Rf4 54. Kd2 Ke5 55. Ke3 a5 56. Rh3 Rf7 57. Rxh4 Kd6 58. Rh5 Ra7 59.
f4 a4 60. bxa4 Rxa4 61. Rb5 b3 62. Kd3 Ra1 63. Rxb3 Rd1+ 64. Ke2 Rd4 65. Rd3
Kc5 66. Rxd4 Kxd4 67. e5 Kxc4 68. e6 Kb3 69. e7 Kxb2 70. e8=Q Kb3 71. Qc6 Kb4
72. f5 Kb3 73. f6 Kb2 74. f7 Kb3 75. f8=R Kb2 76. Rb8+ Ka3 77. Qa6# 1-0

[Event "Sri Lanka Women's National B Chess Championship 20"]
[Site "SLIIT, Malabe"]
[Date "2015.06.27"]
[Round "8"]
[Board "8"]
[White "Sarathchandra, Thihansa Dewwan"]
[Black "Thuduwage, Yasasirini Pabasara"]
[Result "1/2-1/2"]
[WhiteElo "1338"]
[BlackElo "1373"]
[PlyCount "77"]
[EventDate "2015.05.19"]
[EventRounds "10"]
[EventCountry "SRI"]

1. d4 Nf6 2. c4 g6 3. Nc3 Bg7 4. e4 d6 5. Bd3 O-O 6. Nge2 Nbd7 7. f3 e5 8. d5
a5 9. O-O Nc5 10. Bc2 Ne8 11. Be3 Na6 12. Qd2 f5 13. f4 exf4 14. Bxf4 Nb4 15.
Bb1 fxe4 16. Bxe4 Nf6 17. Bb1 Nh5 18. Bg5 Rxf1+ 19. Kxf1 Qf8+ 20. Kg1 Bg4 21.
a3 Na6 22. h3 Bxe2 23. Nxe2 Nc5 24. Qc2 Re8 25. Ba2 Ne4 26. Rf1 Nhf6 27. Bf4
Qe7 28. Re1 Nh5 29. Ng3 Nhxg3 30. Bxg3 Bd4+ 31. Kh2 Be5 32. Bxe5 Qxe5+ 33. Kg1
Qd4+ 34. Kh2 Qe5+ 35. Kg1 Qd4+ 36. Kh2 Qe5+ 37. Kg1 Qd4+ 38. Kh2 Qe5+ 39. Kg1
 1/2-1/2

[Event "Sri Lanka Women's National B Chess Championship 20"]
[Site "SLIIT, Malabe"]
[Date "2015.06.27"]
[Round "8"]
[Board "9"]
[White "Udagedara, Sandali Kanishka"]
[Black "Balasuriya, Sajini Hasara"]
[Result "1-0"]
[WhiteElo "1492"]
[BlackElo "1571"]
[PlyCount "61"]
[EventDate "2015.05.19"]
[EventRounds "10"]
[EventCountry "SRI"]

1. d4 Nf6 2. c4 g6 3. Nc3 Bg7 4. e4 d6 5. f3 Nbd7 6. Be3 e5 7. d5 Nh5 8. g4 Nf4
9. Qd2 g5 10. Nge2 Nb6 11. b3 f6 12. O-O-O a5 13. h4 Bd7 14. Kb1 a4 15. Nxf4
exf4 16. Bd4 axb3 17. hxg5 bxa2+ 18. Nxa2 Ba4 19. gxf6 Bxf6 20. Qxf4 Bxd1 21.
Bxf6 Rf8 22. g5 Qd7 23. Nc3 Ra3 24. Bh3 Rb3+ 25. Ka2 Qf7 26. Be6 Qg6 27. Bf5
Qg8 28. Rxh7 Rxf6 29. Nxd1 Rb4 30. Qh4 Rf8 31. g6 1-0

[Event "Sri Lanka Women's National B Chess Championship 20"]
[Site "SLIIT, Malabe"]
[Date "2015.06.27"]
[Round "8"]
[Board "10"]
[White "Gunawardana, I M T M"]
[Black "Jayaweera, Sayuni Gihansa"]
[Result "0-1"]
[WhiteElo "1466"]
[BlackElo "1437"]
[PlyCount "72"]
[EventDate "2015.05.19"]
[EventRounds "10"]
[EventCountry "SRI"]

1. e4 c5 2. Nf3 Nc6 3. Bb5 Qb6 4. Bxc6 Qxc6 5. d3 g6 6. O-O Bg7 7. Re1 Nf6 8.
e5 Nd5 9. c3 O-O 10. d4 c4 11. b3 b5 12. a4 b4 13. bxc4 Qxc4 14. cxb4 Nxb4 15.
Na3 Qd3 16. Bd2 Nd5 17. Qc2 Qxc2 18. Nxc2 Ba6 19. Nb4 Bc4 20. Nxd5 Bxd5 21. Bb4
Rfe8 22. Rac1 Rab8 23. Bc5 a6 24. Rb1 Bf8 25. h4 Ba2 26. Rbc1 d6 27. exd6 exd6
28. Rxe8 Rxe8 29. Ba3 Bd5 30. Rc7 Re2 31. Bb4 Rb2 32. Bc3 Rb7 33. Rc8 Kg7 34.
Nd2 Be7 35. g3 Bf6 36. Nc4 Rb1+ 0-1

[Event "Sri Lanka Women's National B Chess Championship 20"]
[Site "SLIIT, Malabe"]
[Date "2015.06.27"]
[Round "8"]
[Board "12"]
[White "Sarathchandra, Gihansa M"]
[Black "Yapa Bandara, Chamodya"]
[Result "0-1"]
[WhiteElo "1297"]
[BlackElo "1460"]
[PlyCount "78"]
[EventDate "2015.05.19"]
[EventRounds "10"]
[EventCountry "SRI"]

1. e4 c5 2. Nc3 Nc6 3. f4 g6 4. Nf3 Bg7 5. Be2 e6 6. d3 Nge7 7. O-O d5 8. Qe1
O-O 9. Bd2 b6 10. Kh1 Nd4 11. Bd1 Nec6 12. h3 Re8 13. Rg1 b5 14. Rb1 Nxf3 15.
Bxf3 b4 16. Ne2 Rb8 17. Be3 Qa5 18. a3 Bd7 19. Bf2 c4 20. axb4 Rxb4 21. exd5
exd5 22. dxc4 dxc4 23. Qd2 Re7 24. Be1 Rb5 25. Qd6 Qa2 26. Bxc6 Rxe2 27. Bxb5
Bxb5 28. Bc3 Qa4 29. Bxg7 Kxg7 30. Qd4+ Kg8 31. b3 Qa6 32. bxc4 Be8 33. Ra1 Qe6
34. Rxa7 Bc6 35. Kh2 Re4 36. Qa1 Re3 37. Qf1 g5 38. fxg5 Qe5+ 39. Kh1 Rxh3# 0-1

[Event "Sri Lanka Women's National B Chess Championship 20"]
[Site "SLIIT, Malabe"]
[Date "2015.06.27"]
[Round "8"]
[Board "13"]
[White "Herath, Sanduni"]
[Black "Wijesuriya, G P Y"]
[Result "0-1"]
[WhiteElo "1225"]
[BlackElo "1408"]
[PlyCount "112"]
[EventDate "2015.05.19"]
[EventRounds "10"]
[EventCountry "SRI"]

1. d4 d5 2. c4 e6 3. Nc3 Nf6 4. cxd5 exd5 5. Bg5 c6 6. e3 Nbd7 7. Bd3 Be7 8.
Qc2 O-O 9. Nge2 Re8 10. h3 Ne4 11. Bxe4 dxe4 12. Bxe7 Qxe7 13. g4 Nb6 14. Ng3
Nd5 15. Ngxe4 Nb4 16. Qd2 f5 17. a3 Na6 18. gxf5 Bxf5 19. Ng3 Bg6 20. Nce2 Rf8
21. Nc3 Rad8 22. Qe2 Nc7 23. h4 h6 24. Rd1 Bf7 25. Nh5 c5 26. Ng3 cxd4 27. exd4
Qf6 28. Nge4 Qf5 29. Ng3 Qa5 30. Qc2 Nd5 31. Qa4 Qb6 32. Qb5 Qe6+ 33. Qe2 Qc8
34. Qd3 Rde8+ 35. Kf1 Ne3+ 36. Kg1 Nxd1 37. Qxd1 Qe6 38. Kh2 Qf6 39. Kg2 Bc4
40. f3 Re3 41. Rf1 Bxf1+ 42. Qxf1 Rxf3 43. Qc4+ Kh8 44. Nce4 Qxh4 45. Qe2 Qd8
46. Qd2 Qd5 47. Qe2 Rf2+ 48. Qxf2 Rxf2+ 49. Kg1 Rxb2 50. Kf1 Qc4+ 51. Kg1 Qc1+
52. Nf1 Qc4 53. Neg3 Qxd4+ 54. Kh1 Qf2 55. Ne2 Rxe2 56. a4 Qg2# 0-1

[Event "Sri Lanka Women's National B Chess Championship 20"]
[Site "SLIIT, Malabe"]
[Date "2015.06.27"]
[Round "8"]
[Board "14"]
[White "Dissanayake, R K Janani"]
[Black "Hewawasam, Nevanjee Dimanya"]
[Result "1-0"]
[WhiteElo "1224"]
[BlackElo "1277"]
[PlyCount "43"]
[EventDate "2015.05.19"]
[EventRounds "10"]
[EventCountry "SRI"]

1. e4 c5 2. Nf3 d6 3. d4 cxd4 4. Nxd4 Nf6 5. Nc3 g6 6. Be3 Bg7 7. f3 O-O 8. Qd2
Nc6 9. Bc4 Bd7 10. O-O-O Rc8 11. Bb3 Ne5 12. h4 h5 13. g4 Re8 14. Bh6 Bh8 15.
Qg5 Nh7 16. Qf4 hxg4 17. h5 e6 18. hxg6 Nxg6 19. Qxg4 Bxd4 20. Rxd4 e5 21.
Qxg6+ Kh8 22. Qg7# 1-0